Zgadnij model samochodu #2 - Statystyki

Ogólne statystyki
  • Ten quiz został rozwiązany 27 razy
  • Średni wynik to 7 z 16
Statystyki odpowiedzi
Obrazkowy Odpowiedź % Poprawnych
Ford Kuga
74%
BMW M3
70%
Hyundai i30
70%
Volkswagen Arteon
65%
Dacia Sandero
57%
Tesla Roadster
57%
Subaru Forester
52%
Lamborghini Diablo
48%
Mitsubishi Outlander
43%
Renault Arkana
35%
Skoda Kamiq
30%
Chevrolet Aveo
26%
Aston Martin Valkyrie
17%
Suzuki Samurai
13%
Infinity Q50
9%
Jeep Gladiator
9%
Nie znaleziono quizów pasujących do podanych kryteriów
Rozkład punktacji
Procent ludzi z każdym wynikiem
Percentyl według liczby udzielonych odpowiedzi
Twoja historia wyników
Nie rozwiązałeś tego quizu